Statistics for UK Music Map

Click here to take the quiz!

General Stats

  • This quiz has been taken 2,176 times
  • The average score is 7 of 14

Answer Stats

ArtistsCity% Correct
The Smiths, Happy Mondays, OasisManchester
87%
Madness, The Cure, AdeleLondon
80%
Arctic Monkeys, Pulp, The Human LeagueSheffield
80%
Shirley Bassey, Manic Street Preachers, StereophonicsCardiff
65%
Black Sabbath, ELO, UB40Birmingham
64%
The Coral, OMD, Frankie Goes To HollywoodLiverpool
58%
Soft Cell, Gang of Four, Kaiser ChiefsLeeds
52%
The Animals, Sting, Maxïmo ParkNewcastle
49%
Primal Scream, Travis, Snow PatrolGlasgow
47%
Massive Attack, PortisheadBristol
44%
Van Morrisson, Gary MooreBelfast
34%
Supergrass, Young Knives, FoalsOxford
18%
MuseTeignmouth
7%
Aphex TwinCornwall
5%

Score Distribution

Percentile by Number Answered

Percent of People with Each Score

Your Score History

You have not taken this quiz